| 000 | 00965nam a2200301Ia 4500 | ||
|---|---|---|---|
| 003 | OSt | ||
| 005 | 20221006160155.0 | ||
| 006 | a|||||r|||| 00| 0 | ||
| 007 | ta | ||
| 008 | 221006b |||||||| |||| 00| 0 eng d | ||
| 020 |
_a9788962971378 _cW24,000 |
||
| 024 | _a44,516 | ||
| 037 |
_bGift, KCC (Window on Korea) _cAnnuals, Advances |
||
| 040 |
_aEASL _cEASL _beng |
||
| 041 |
_2eng _aeng |
||
| 082 | _aX:275.495, Q1 | ||
| 100 |
_aKim Suk-joon etc. _9672210 |
||
| 245 | 0 | _aEmpowering Korea with new innovations | |
| 260 |
_aSeoul _bJImoondang Korea _c2011 |
||
| 300 |
_a247p. _ccm. |
||
| 490 |
_v KEL _aInsight into korea series Vol.12 |
||
| 650 | _a KEL | ||
| 650 |
_a Korea - Governance reform _9672211 |
||
| 650 |
_a Korea - Innovate in market _9672212 |
||
| 650 |
_aKorea - Innovate for society _9672213 |
||
| 942 |
_hX:275.495, Q1 _cREF _2CC |
||
| 999 |
_c1112608 _d1112608 |
||